1702 1389 1961 1914 1738 1903 1084 1179 1863 1303 1302 1893 1322 1418 1227 1779 1578 1553 1030 1185 1294 1089 1657 1616 1886 1351 1734 1860 1177 1652 1891 1334 1598 1006 1354 1396 1279 1027 1755 1457 1563 1829 1051 1352 1967 1635 1434 1325 1856 1660 1523 1859 1542 1740 1529 1938 1004 1389 1454 1286 1745 1277 1889 1211 1935 1955 1927 1260 1698 1765 1195 1319 1469 1256 1449 1344 1463 1373 1223 1096 1455 1615 1864 1850 1875 1789 1317 1271 1816 1709 1069 1459 1674 1885 1416 1054 1031 1253 1545 BCNSPRNW ULIB Ver.6.0+V

เปลี่ยนเป็นภาษาไทย

Change to English
 แสดงรายละเอียดบรรณานุกรม
  กลับหน้าหลัก

Brief Record : Get Marc (ISO 2709) : E-mail record : QR code < ปิดหน้าต่าง
LEADER : 00000nam 2200000uu 4500
001    13399126536
003     ULIB
008    181016s2561||||th 000 0 tha d
020    ^a9789740337676
060    ^aWL101^bฉ52ร
100    ^aเฉง นิลบุหงา
245    ^aระบบประสาทและการทำงาน = Functional Neuroanatomy/^bเฉง นิลบุหงา
250    ^aพิมพ์ครั้งที่ 3
260    ^aกรุงเทพฯ :^bจุฬาลงกรณ์มหาวิทยาลัย,^c2561
300    ^a336 หน้า
650    ^aประสาทกายวิภาคศาสตร์
650  0 ^aระบบประสาท
945    ^p280^l0^i26789
945    ^p280^l0^i26790
945    ^p280^l0^i26791
945    ^p280^l0^i26792
945    ^p280^l0^i26793
999    ^aกัณชพร จุลอักษร
รายการนี้ยังไม่มีแท็ก
คุณยังไม่ได้ล็อกอิน คุณสามารถมีกิจกรรมร่วมกับเว็บไซต์ได้ แต่ต้องล็อกอินก่อน ::
  ล็อกอิน

รายการสื่อสารสนเทศ

ลำดับที่ ประเภท เลขเรียก/บาร์โค้ด สถานที่ สถานะ
1. หนังสือสำรอง
หนังสือสำรอง
WL101 ฉ52ร ฉ.1 
  Barcode: 26789
ห้องสมุดวิทยาเขตนครสวรรค์
►หนังสือทั่วไป:l:General Books
บนชั้น
2. วิทยาศาสตร์การแพทย์ และสุขภาพ
วิทยาศาสตร์การแพทย์ และสุขภาพ
WL101 ฉ52ร ฉ.2 
  Barcode: 26790
ห้องสมุดวิทยาเขตนครสวรรค์
►หนังสือทั่วไป:l:General Books
บนชั้น
3. วิทยาศาสตร์การแพทย์ และสุขภาพ
วิทยาศาสตร์การแพทย์ และสุขภาพ
WL101 ฉ52ร ฉ.3 
  Barcode: 26791
ห้องสมุดวิทยาเขตนครสวรรค์
►หนังสือทั่วไป:l:General Books
บนชั้น
4. วิทยาศาสตร์การแพทย์ และสุขภาพ
วิทยาศาสตร์การแพทย์ และสุขภาพ
WL101 ฉ52ร ฉ.4 
  Barcode: 26792
ห้องสมุดวิทยาเขตนครสวรรค์
►หนังสือทั่วไป:l:General Books
บนชั้น
5. วิทยาศาสตร์การแพทย์ และสุขภาพ
วิทยาศาสตร์การแพทย์ และสุขภาพ
WL101 ฉ52ร ฉ.5 
  Barcode: 26793
ห้องสมุดวิทยาเขตนครสวรรค์
►หนังสือทั่วไป:l:General Books
บนชั้น

รายการใกล้เคียง
    ผู้แต่ง [เฉง นิลบุหงา]

    หัวเรื่อง [ประสาทกายวิภาคศาสตร์]
    หัวเรื่อง [ระบบประสาท]

BibComment


ยังไม่เคยถูกคอมเมนท์

คอมเมนท์ทรัพยากรรายการนี้
  คอมเมนท์: ระบบประสาทและการ..


 Copyright 2026. Bcnsprnw @Library